[Event "IECG CF.2003.0.00044 email"]
[Site "IECG email"]
[Date "2003.03.30"]
[Round "?"]
[White "Hutchison, John"]
[Black "Draper, Jeff"]
[Result "0-1"]
[WhiteElo "1000"]
[BlackElo "1000"]
[PlyCount "46"]
[EventDate "2003.03.30"]
[EventType "tourn (corr)"]
[EventRounds "6"]
[SourceTitle "Corr 2008"]
[Source "ChessBase"]
[SourceDate "2008.06.24"]
[SourceVersion "1"]
[SourceVersionDate "2008.06.24"]
[SourceQuality "1"]

1. e4 Nf6 2. e5 Ne4 3. d4 d5 4. f3 Nd6 5. exd6 exd6 6. Qe2+ Be6 7. Nc3 Nc6 8. Nxd5 Nxd4 9. Nxc7+ Qxc7 10. Qe4 Nxc2+ 11. Kf2 Nxa1 12. Bb5+ Kd8 13. Bg5+ Be7 14. Bxe7+ Kxe7 15. Ne2 Nc2 16. Ba4 Nb4 17. Nf4 Qb6+ 18. Qe3 Qxe3+ 19. Kxe3 Nd5+ 20. Nxd5+ Bxd5 21. Kd4 Bc6 22. Re1+ Kd7 23. Bxc6+ bxc6 0-1

[Event "IECG C3.2001.0.00181"]
[Site "IECG email"]
[Date "2001.03.18"]
[Round "?"]
[White "Pott, Brian"]
[Black "Draper, Jeff"]
[Result "1-0"]
[WhiteElo "1200"]
[BlackElo "1000"]
[PlyCount "47"]
[EventDate "2001.03.18"]
[EventType "tourn (corr)"]
[EventRounds "6"]
[SourceTitle "Corr 2008"]
[Source "ChessBase"]
[SourceDate "2008.06.24"]
[SourceVersion "1"]
[SourceVersionDate "2008.06.24"]
[SourceQuality "1"]

1. e4 Nf6 2. e5 Nd5 3. d4 Nc6 4. Nf3 e6 5. Bd3 Bb4+ 6. c3 Ba5 7. 0-0 f5 8. Bg5 Nf6 9. exf6 0-0 10. f7+ Rxf7 11. Bxd8 Rf8 12. Bh4 d5 13. Re1 Bd7 14. b4 Bb6 15. b5 Ne7 16. Bxe7 Rf7 17. Bh4 Raf8 18. Ne5 g5 19. Bxg5 Rg7 20. Nxd7 Rxd7 21. Qh5 c5 22. Bh6 Rf6 23. Qe8+ Rf8 24. Qxf8# 1-0